Characteristics of land market in Hungary at the time of the EU accession

Štatistické údaje o trhu s pôdou v Maďarsku sú nedostatočné. Prieskum ukazuje, že trh s pozemkami v Maďarsku je v stave očakávania. Dopyt je hlavne po kvalitnej pôde s výhodnou polohou v určitých krajoch alebo po väčších pozemkoch ornej a lesnej pôdy. Predávajúcimi sú často starší ľudia s existenčný...

Ausführliche Beschreibung

Gespeichert in:
Bibliographische Detailangaben
1. Verfasser: Hamza, Eszter
Weitere Verfasser: Miskó, Krisztina
Format: Buchkapitel
Sprache:Englisch
Schlagworte:
Tags: Tag hinzufügen
Keine Tags, Fügen Sie das erste Tag hinzu!

MARC

LEADER 00000naa$a2200000$$$4500
001 0057177
005 20231128141212.3
041 0 |a eng 
044 |a CZ 
245 1 0 |a Characteristics of land market in Hungary at the time of the EU accession  |c Eszter Hamza, Krisztina Miskó 
520 |a Štatistické údaje o trhu s pôdou v Maďarsku sú nedostatočné. Prieskum ukazuje, že trh s pozemkami v Maďarsku je v stave očakávania. Dopyt je hlavne po kvalitnej pôde s výhodnou polohou v určitých krajoch alebo po väčších pozemkoch ornej a lesnej pôdy. Predávajúcimi sú často starší ľudia s existenčnými ťažkosťami. Stále viac kupujúcich predstavujú dobre situovaní farmári, ktorí chcú zväčšiť svoje vlastníctvo, alebo zjednotiť svoje pozemky. Ďalšia významná skupina kupujúcich chce investovať do vlastníctva pozemkov situovaných v blízkosti väčších miest, vedľa hlavných ciest alebo diaľníc. Nárast cien pozemkov a prenájmu. 
610 2 0 |a pôda poľnohospodárska 
610 2 0 |a trh 
610 2 0 |a využitie pôdy 
610 2 0 |a Maďarsko 
610 2 0 |a politika pozemková 
610 2 0 |a ceny 
610 2 0 |a Európska únia 
100 1 |a Hamza, Eszter 
700 1 |a Miskó, Krisztina